| 000 | 00885nam a2200205 a 4500 | ||
|---|---|---|---|
| 001 | BRCA_1668 | ||
| 005 | 20190320203512.0 | ||
| 008 | 150508s2006----it-a---###---#000-0#eng-# | ||
| 050 | 4 |
_aND623.C3 _b.B63 2006 |
|
| 100 | 1 |
_aBober, Jonathan _95202 |
|
| 245 | 1 | 0 |
_aLuca Cambiaso, 1527-1585 _cedited by Jonathan Bober ; with the collaboration of Piero Boccardo ... [et al.]. |
| 260 |
_aMilán _bSilvana Editoriale _c2006 |
||
| 300 |
_a475 p. _bil. (algunas a color) _c28 cm. |
||
| 500 | _aCatálogo de la exposición realizada en el Blaton Museum of Art, The University of Texas at Austin, 15 septiembre, 2006 - 14 enero, 2007 y en el Palazzo Ducale(Genoa), 3 marzo - 8 julio, 2007 | ||
| 504 | _aBibliografía: p. 462-475 | ||
| 600 | 1 | 4 |
_aCambiaso, Luca _d1527-1585 _vExposiciones _95203 |
| 650 | 1 | 4 |
_aPintores italianos _vCatálogos _95204 |
| 700 | 1 |
_aBoccardo, Piero _95205 |
|
| 942 |
_2lcc _cB |
||
| 999 |
_c1464 _d1464 |
||